| 000 | 01121nam a22002657i 4500 | ||
|---|---|---|---|
| 999 |
_c23324 _d23324 |
||
| 003 | AR-CdUCM | ||
| 008 | 250718b20062006 pe||||| |||| 00| 0 spa d | ||
| 020 | _a987-95126-5-0 | ||
| 040 |
_aMUNICIPALIDAD PROVINCIAL DEL CUSCO _cBIBLIOTECA MUNICIPAL DEL CUSCO |
||
| 041 | _hspa | ||
| 082 |
_a133.9 / AC17 / e.3 _bAC17 / e.3 |
||
| 110 |
_aAcademia Filosófica de la Plata _93308 |
||
| 245 |
_aIntervención de los espíritus en el mundo corporal : _bInvestigacion de señales de influencia de los espíritus sobre los hombres en los textos bíblicos / |
||
| 260 |
_aLima : _bAcademia Filosófica de la Plata _c2006 |
||
| 300 |
_a228 páginas. : _c21x18 cm. |
||
| 500 | _zpáginas 221 -223 | ||
| 505 | _a Trabajo de investigación antiguo testamento -- Autenticidad de los evangelios -- El pentateuco -- Naturaleza divina -- Reencarnación -- Dioses del mundo antiguo -- Origen de la creencia | ||
| 650 |
_aAntiguo testamento _93398 |
||
| 650 |
_aEvangelios _93175 |
||
| 650 |
_aEspíritu santo _951248 |
||
| 650 |
_aSatanas _951249 |
||
| 650 |
_aDiablos _951250 |
||
| 942 |
_2ddc _cLIBROS |
||
| 945 |
_apbjr _d18-07-2025 |
||